000 00328nam a2200157Ia 4500
008 210210b1866 xxu||||| |||| 00| 0 eng d
041 _aeng
082 _a822/1117
100 _aSMILES (S)
245 _aSelf help
260 _a
_b-
_c1866
650 _aSelf
650 _ahelp
690 _aEnglish Prose
906 _a013300
999 _c132165
_d132165